000 00256nam a22001097a 4500
040 _cSCME
100 _aSyed shujaat hussain
_91628
245 _aMy life a memoir
260 _aIslamabad
_bNUST Press,
_c2014
300 _a263 p. ;
_c24 cm.
942 _2ddc
_cBK
999 _c593326
_d593326